000 00364nam a22001337a 4500
082 _a332.4
_bWIT
100 _aWithers, Hartley
_949200
245 _aThe meaning of money
_cWithers, Hartley
260 _aLondon
_bSmith, Elder & Co
_c1911
300 _a305p.:
_bill,;
_c20 cm.
526 _a0
_b0
_c0
_d332_400000000000000_WIT
650 _aMCE
_9379
942 _2ddc
_cBK
999 _c552013
_d552013